Seznam odborných časopisů západních států objednaných na rok 1957 pro podniky a ústavy ministerstva těžkého strojírenství /

Hlavní autor: Novotná, Jana,
Jazyk: Čeština
Vydáno: Praha : Matice hornicko-hutnická, 1958
Edice: Metodické pomůcky
Fyzický popis: 28 s.
Knihy
Uloženo v:
LEADER 00857nam a2200217 a 4500
001 000615960
003 CZ BrMZK
005 20190328075229.0
008 020809s1958 xr f cze d
040 |a BOA001  |b cze  |c BOA001 
100 1 |a Novotná, Jana,  |4 aut 
245 1 0 |a Seznam odborných časopisů západních států objednaných na rok 1957 pro podniky a ústavy ministerstva těžkého strojírenství /  |c Jana Novotná 
260 |a Praha :  |b Matice hornicko-hutnická,  |c 1958 
300 |a 28 s. 
490 1 |a Metodické pomůcky ;  |v sv. 3 
500 |a Vydavatel: Ministerstvo těžkého strojírenství 
521 |a Určeno pro potřeby strojírenských podniků a ústavů 
830 0 |a Metodické pomůcky 
910 |a BOA001  |b X-0377.109 
990 |a BK 
996 6 |b 2618979552  |c X-0377.109  |l MZK  |r Sklad / do 24 hodin  |n 0  |w 000615960  |u 000010  |a 1  |e BOA001  |j MZK50  |s P